turkey vs georgia vs armenia vs azerbaijan - Statistics

General Stats
  • This quiz has been taken 315 times
  • The average score is 13 of 15
Answer Stats
Question Answer % Correct
which countries are bordering Iran all except georgia
100%
which country is smallest armenia
97%
which one borders Caspian sea azerbaijan
97%
which one has 5 crosses on their flag georgia
97%
which countries are bordering Russia georgia and azerbaijan
97%
which of this countries have most populated city in the europe turkey
97%
which country occupied northern part of Cyprus turkey
97%
which countries hate each other armenia and azerbaijan
94%
which country is fully in other country's control none
87%
which country borders sirya turkey
87%
which country is bordering black sea turkey and georgia
87%
which country is the poorest armenia
77%
which country is the richest turkey
77%
which one has the best relationship with russia armenia
71%
which one has the worst relationship whit Russia georgia
71%
No matching quizzes found
Score Distribution
Percent of People with Each Score
Percentile by Number Answered
Your Score History
You have not taken this quiz